Villog és jelez... Áramvonalas riport /

Elmentve itt :
Bibliográfiai részletek
Szerzők: Igriczi Zsigmond
Somogyi Károlyné
Dokumentumtípus: Cikk
Megjelent: 1979-01-06
Sorozat:Délmagyarország 69 No. 4
Kulcsszavak:DÉMÁSZ
Online Access:http://dmarchiv.bibl.u-szeged.hu/103849
LEADER 00500nab a2200169 i 4500
001 delm103849
005 20190527083738.0
008 190527s1979 hu o 0|| hun d
040 |a SZTE Délmagyarország Archívum  |b hun 
041 |a hun 
100 1 |a Igriczi Zsigmond 
245 1 0 |a Villog és jelez...   |h [elektronikus dokumentum] :  |b Áramvonalas riport /  |c  Igriczi Zsigmond 
260 |c 1979-01-06 
300 |a 3 
490 0 |a Délmagyarország  |v 69 No. 4 
695 |a DÉMÁSZ 
700 0 1 |a Somogyi Károlyné  |e aut